[Event "Sachsen-ch U10"]
[Site "Sebnitz"]
[Date "2007.04.12"]
[Round "4"]
[White "Funk, Georg"]
[Black "Fischbach, Marc"]
[Result "0-1"]
[WhiteElo "990"]
[BlackElo "1053"]
[PlyCount "46"]
[EventDate "2007.04.10"]
[EventType "swiss"]
[EventRounds "7"]
[EventCountry "GER"]
[SourceTitle "EXT 2008"]
[Source "ChessBase"]
[SourceDate "2007.11.25"]
[SourceVersion "1"]
[SourceVersionDate "2007.11.25"]
[SourceQuality "1"]

1. e4 c5 2. Bc4 d6 3. Nf3 Nf6 4. Nc3 g6 5. d3 Bg7 6. 0-0 0-0 7. Re1 Nc6 8. h3 Ne5 9. Nxe5 dxe5 10. f4 Qd4+ 11. Kh1 exf4 12. Bxf4 Nh5 13. Bg5 Be5 14. Qf3 Ng3+ 15. Kh2 Nxe4+ 16. Bf4 Nd2 17. Qe3 Bxf4+ 18. Qxf4 Qxf4+ 19. g3 Qf2+ 20. Kh1 Nf3 21. Re2 Qxg3 22. Ne4 Qxh3+ 23. Rh2 Qxh2# 0-1